La Flor de Mayo : 1896-1999 / 1896-1999 /
Descripción Física:
[22] p. : il. ; 27 cm
Idioma:
Catalán
MARC
| LEADER | 00000nam a2200000Ia 4500 | ||
|---|---|---|---|
| 001 | 17913 ; 28877 | ||
| 003 | AGDB | ||
| 005 | 20260324181509.0 | ||
| 008 | 160829s1999 xx 000 0 cat d | ||
| 017 | |a B 25013-1999 | ||
| 040 | |a agdb |b cat | ||
| 041 | |a cat | ||
| 110 | |9 4512 |a Patronat Flor de Maig | ||
| 245 | 1 | 3 | |a La Flor de Mayo : |b 1896-1999 / |c Patronat Flor de Maig |
| 260 | |a Barcelona : |b Diputació de Barcelona : |b Patronat Flor de Maig ; |c 1999 | ||
| 300 | |a [22] p. : |b il. ; |c 27 cm | ||
| 610 | 0 | |9 4512 |a Patronat Flor de Maig | |
| 610 | 2 | 0 | |a Flor de Maig (Cooperativa) |9 54173 |
| 655 | 0 | |a Fulletons |9 55858 | |
| 710 | 1 | |a Barcelona (Catalunya : Província). |b Diputació |9 52408 | |
| 901 | |a Arxiu | ||
| 942 | |n 1 |2 udc |c ARXIU | ||
| 952 | |0 0 |1 0 |4 0 |6 FU471 |7 1 |9 48953 |a Arxiu |b Arxiu |d 2016-12-01 |l 0 |o FU-47-1 |p 17913 |r 2016-12-01 00:00:00 |w 2016-12-01 |y ARXIU | ||
| 952 | |0 0 |1 0 |4 0 |6 FU7884 |7 1 |9 98121 |a Arxiu |b Arxiu |d 2025-05-21 |l 0 |o FU-78-84 |p 28877 |r 2025-05-21 00:00:00 |w 2025-05-21 |y ARXIU |x Donació de la Subdirecció d'Edificació | ||
| 999 | |c 52788 |d 52788 | ||